| 000 | 00879nam a22002897a 4500 | ||
|---|---|---|---|
| 001 | 7585 | ||
| 003 | FISKH | ||
| 005 | 20260226132150.0 | ||
| 008 | 250724b cb ||||| |||| 00| 0 eng d | ||
| 020 | _a9780394826202 | ||
| 040 |
_aFISKH _beng _cFISKH _dFISKH |
||
| 050 | _aPZ10.L6465 S | ||
| 082 | _a741.642 | ||
| 100 | _aLionni , Leo | ||
| 245 |
_aSwimming / _cLeo Lionni |
||
| 260 |
_aNew York : _bDragonfly Books , _c1963. |
||
| 300 |
_a32 pages : _bcolor illustrations ; _c23 cm . |
||
| 505 | _aN | ||
| 520 | _aA little black fish in a school of red fish figures out a way of protecting them all from their natural enemies. | ||
| 521 | 8 |
_a570
_bLexile AD |
|
| 521 | 8 |
_aN
_bRaz-Plus |
|
| 650 |
_aDifferences _vJuvenile Literature |
||
| 650 |
_aTeamwork _vFiction |
||
| 650 |
_aProblem solving _vFiction |
||
| 942 |
_2ddc _cBK _n0 |
||
| 999 |
_c7585 _d7585 |
||